000
00331nam a2200145Ia 4500
008
191201s2004 xx 000 0 und d
082
_a
746.62
_b
PRW
100
_a
PRAKASH, K
245
0
_a
Warli Paintings
250
_a
3rd
260
_a
N.Delhi
_b
English Education
_c
2004
300
_a
-
650
_a
B.Tech(TE)
942
_2
ddc
_c
BK
999
_c
2341
_d
2341